|
|
|
|
| LEADER |
00813nam a22002417a 4500 |
| 001 |
30553 |
| 003 |
BD-DhAAL |
| 005 |
20151119145425.0 |
| 008 |
150902s1994 bg a|||| |||| 00| 0 eng d |
| 040 |
|
|
|a BD-DhAAL
|c BD-DhAAL
|
| 082 |
|
|
|2 22
|a 307.1412095492
|
| 999 |
|
|
|c 36252
|d 36252
|
| 999 |
|
|
|c 35418
|
| 245 |
|
|
|a Education Support Program (ESP) :
|b forming partnership for education
|
| 260 |
|
|
|a Dhaka :
|b BRAC,
|c 1994
|
| 300 |
|
|
|a 28 p. :
|b ill. ;
|c 28 cm.
|
| 541 |
|
|
|e 30553
|
| 610 |
|
|
|a BRAC
|9 14374
|
| 650 |
|
|
|a Rural Development
|z Bangladesh
|9 14375
|
| 710 |
|
|
|a BRAC
|9 14374
|
| 852 |
|
|
|a Ayesha Abed Library
|c BRAC Resource Section
|
| 942 |
|
|
|2 ddc
|c BK
|
| 952 |
|
|
|0 0
|1 0
|2 ddc
|4 0
|6 307_141209549200000_EDU
|7 0
|9 56990
|a BRACUL
|b BRACUL
|c BRS
|d 2015-11-19
|e BRAC
|l 0
|o 307.1412095492 EDU
|p 3010030553
|r 2015-11-19
|t 1
|w 2015-11-19
|y BK
|